000
00278nam a2200109Ia 4500
005
20251222114347.0
008
251222s1900||||xx |||||||||||||| ||spa||
082
_a
DVD0092/D85/2005
245
0
_a
Dona Nobis Pacem.
264
_b
Centro Televisivo Vaticano e Telepace.
942
_c
DVD
999
_c
1075
_d
1075